Genio y figura del norteamericano /
Libro sobre el origen de la idiosincrasia del ciudadano medio estadounidense. Abarca tres capítulos: Formación de Norteamérica; Unidad y libertad; El modo norteamericano de hacer la guerra.
Uloženo v:
| Hlavní autor: | |
|---|---|
| Médium: | Kniha |
| Jazyk: | španělština |
| Vydáno: |
México :
Fondo de Cultura Económica,
1945
|
| Témata: | |
| Tagy: |
Žádné tagy, Buďte první, kdo vytvoří štítek k tomuto záznamu!
|
MARC
| LEADER | 00000nam^a2200000^a^4500 | ||
|---|---|---|---|
| 001 | 000025109 | ||
| 005 | 20250521000000.0 | ||
| 009 | 20260310084638.454 | ||
| 037 | |a Acervo ITESO - Biblioteca | ||
| 041 | |a ESP | ||
| 082 | |a 309. 73 |b BRO | ||
| 100 | |a Brogan, D.W. |e (autor) | ||
| 245 | 1 | 0 | |a Genio y figura del norteamericano / |c D.W. Brogan ; tr. por V.L. Urquidi. |
| 264 | 1 | |a México : |b Fondo de Cultura Económica, |c 1945 | |
| 300 | |a 264 p. | ||
| 336 | |a texto |b txt |2 rdacontenido | ||
| 337 | |a sin mediación |b n |2 rdamedio | ||
| 338 | |a volumen |b nc |2 rdasoporte | ||
| 500 | |a Traducción de: The American Character | ||
| 520 | |a Libro sobre el origen de la idiosincrasia del ciudadano medio estadounidense. Abarca tres capítulos: Formación de Norteamérica; Unidad y libertad; El modo norteamericano de hacer la guerra. | ||
| 649 | |a XX | ||
| 650 | |a EUA - |x Historia | ||
| 650 | |a EUA - |x Condiciones Sociales y Culturales | ||
| 650 | |a Cultura | ||
| 910 | |a Fondo General | ||
| 920 | |a Impresos - Libros | ||
| 930 | |a Colección General | ||
| 905 | |a 101 | ||
| 901 | |a 0251090100 |b IT1 |c ACC |i 025109 |u 20250521 | ||
| 902 | |a https://opac.biblio.iteso.mx/vufind/Record/000025109 | ||